Bogotá Cuenta : (Registro nro. 4208)
[ vista simple ]
| 000 -LEADER | |
|---|---|
| fixed length control field | 00826nam a2200205Ia 4500 |
| 003 - CONTROL NUMBER IDENTIFIER | |
| control field | OSt |
| 005 - DATE AND TIME OF LATEST TRANSACTION | |
| control field | 20250729160643.0 |
| 008 - FIXED-LENGTH DATA ELEMENTS--GENERAL INFORMATION | |
| fixed length control field | 191128s2018 ck er 000 h spa d |
| 020 ## - INTERNATIONAL STANDARD BOOK NUMBER | |
| International Standard Book Number | 9789588997841 |
| 040 ## - CATALOGING SOURCE | |
| Original cataloging agency | CO-JMCR |
| Transcribing agency | CO-JMCR |
| 041 0# - LANGUAGE CODE | |
| Language code of text/sound track or separate title | spa |
| 082 04 - DEWEY DECIMAL CLASSIFICATION NUMBER | |
| Classification number | J-C |
| Item number | BOGb |
| 245 10 - TITLE STATEMENT | |
| Title | Bogotá Cuenta : |
| Remainder of title | entre calles y letras / |
| 260 ## - PUBLICATION, DISTRIBUTION, ETC. | |
| Place of publication, distribution, etc. | Bogotá : |
| Name of publisher, distributor, etc. | Instituto Distrital de las artes-Idartes, |
| Date of publication, distribution, etc. | 2018 |
| 300 ## - PHYSICAL DESCRIPTION | |
| Extent | 159 páginas ; |
| Dimensions | 24 cm. |
| 505 ## - FORMATTED CONTENTS NOTE | |
| Formatted contents note | Cuento -- Novela -- Poesía --Crónica |
| 520 ## - SUMMARY, ETC. | |
| Summary, etc. | Lo que usted está a punto de leer en estas páginas es resultado del trabajo de treinta asistentes a la res de talleres locales de escritura (2016) y los talleres distritales de cuento, novela y crónica (2017) que ofrece idartes cada año. |
| 650 14 - SUBJECT ADDED ENTRY--TOPICAL TERM | |
| Topical term or geographic name entry element | Crónicas Bogotanas |
| General subdivision | cuentos |
| 9 (RLIN) | 2391 |
| 942 ## - ADDED ENTRY ELEMENTS (KOHA) | |
| Source of classification or shelving scheme | Dewey Decimal Classification |
| Koha item type | Books |
| Withdrawn status | Lost status | Source of classification or shelving scheme | Damaged status | Not for loan | Collection code | Home library | Current library | Date acquired | Source of acquisition | Cost, normal purchase price | Total Checkouts | Full call number | Barcode | Date last seen | Date last checked out | Copy number | Koha item type |
|---|---|---|---|---|---|---|---|---|---|---|---|---|---|---|---|---|---|
| Dewey Decimal Classification | Fiction | Biblioteca Pública José María del Castillo y Rada | Biblioteca Pública José María del Castillo y Rada | 11/28/2019 | Donación | 0.00 | 1 | J-C BOGb | 201809034 | 01/28/2020 | 01/28/2020 | Ej.1 | Books | ||||
| Dewey Decimal Classification | Fiction | Biblioteca Pública José María del Castillo y Rada | Biblioteca Pública José María del Castillo y Rada | 11/28/2019 | Donación | 0.00 | 1 | J-C BOGb | 201809035 | 03/06/2025 | 02/11/2025 | Ej.2 | Books |